000 00215 a2200097 4500
001 7735
100 _aTrotman, R.E
245 _aLongitudinal space charge waves
260 _a
_bChapman Hall
_c
090 _c6192
_d6192
942 _aNUST-CAE
_cM
_c32703
999 _c242808
_d242808